099_ Personnalités nées un 9 avril par images - Statistiques

Statistiques générales
  • Ce quiz a été pris 35 fois
  • Le résultat moyen est 5 sur 12
Statistiques - réponses
Par images Hint Réponse % Correct
Acteur Jean-Paul Belmondo
83%
Chanteur et Musicien André Manoukian
80%
Footballeur Blaise Matuidi
74%
Politicienne Amélie Oudéa-Castéra
60%
Acteur Rayane Bensetti
54%
Politicien Léon Blum
49%
Écrivain Charles Baudelaire
43%
Rappeur Lil Nas X
37%
Actrice Anamaria Vartolomei
17%
Cuisinier Pierre Gagnaire
17%
Actrice Elle Fanning
14%
Chanteuse Jazmine Sullivan
0%
Aucun quiz correspondant
Distribution des résultats
% des personnes avec chaque résultat
Percentile par nombre de réponses
Votre historique - résultats
Vous n’avez pas pris ce quiz